Upgrading Microsoft Visual Basic 6.0 to Microsoft Visual Basic .NET-(EBOOK) (Record no. 191661)
[ view plain ]
| 000 -LEADER | |
|---|---|
| fixed length control field | 00588 a2200205 4500 |
| 003 - CONTROL NUMBER IDENTIFIER | |
| control field | Nust |
| 005 - DATE AND TIME OF LATEST TRANSACTION | |
| control field | 20170207154020.0 |
| 020 ## - INTERNATIONAL STANDARD BOOK NUMBER | |
| International Standard Book Number | 0-7356-1587-X |
| 035 ## - SYSTEM CONTROL NUMBER | |
| System control number | (Mo)b1503617 |
| 040 ## - CATALOGING SOURCE | |
| Transcribing agency | Nust |
| 082 00 - DEWEY DECIMAL CLASSIFICATION NUMBER | |
| Classification number | 005.26/8 |
| 100 1# - MAIN ENTRY--PERSONAL NAME | |
| Personal name | Robinson, Ed |
| 245 10 - TITLE STATEMENT | |
| Title | Upgrading Microsoft Visual Basic 6.0 to Microsoft Visual Basic .NET-(EBOOK) |
| Statement of responsibility, etc. | Ed Robinson, Michael Bond, Robert Ian Oliver |
| 260 ## - PUBLICATION, DISTRIBUTION, ETC. | |
| Place of publication, distribution, etc. | Redmond, Wash. : |
| Name of publisher, distributor, etc. | Microsoft Press, |
| Date of publication, distribution, etc. | cop. 2002 |
| 300 ## - PHYSICAL DESCRIPTION | |
| Extent | 547 s. : |
| Other physical details | ill. ; |
| Dimensions | 24 cm + |
| Accompanying material | CD-ROM |
| 651 ## - SUBJECT ADDED ENTRY--GEOGRAPHIC NAME | |
| Geographic name | EBOOK |
| 655 #4 - INDEX TERM--GENRE/FORM | |
| Genre/form data or focus term | Bok |
| 700 1# - ADDED ENTRY--PERSONAL NAME | |
| Personal name | Bond, Michael |
| 700 1# - ADDED ENTRY--PERSONAL NAME | |
| Personal name | Oliver, Robert Ian |
| 942 ## - ADDED ENTRY ELEMENTS (KOHA) | |
| Source of classification or shelving scheme | |
| Koha item type | Book |
| Withdrawn status | Lost status | Source of classification or shelving scheme | Damaged status | Not for loan | Collection code | Permanent Location | Current Location | Date acquired | Total Checkouts | Full call number | Barcode | Date last seen | Price effective from | Koha item type |
|---|---|---|---|---|---|---|---|---|---|---|---|---|---|---|
| Military College of Signals (MCS) | Military College of Signals (MCS) | 12/12/2016 | 005.26/8 ROB | MCSEB-572 | 12/08/2016 | 12/12/2016 | Book |
